[Event "España ch sub-18 2009"]
[Site "Granada ESP"]
[Date "2009.07.20"]
[Round "1.1"]
[White "Gimenez Menchon, Cesar"]
[Black "Salgado Lopez, Ivan"]
[Result "0-1"]
[WhiteElo "1978"]
[BlackElo "2558"]
[PlyCount "62"]
[EventDate "2009.07.20"]
[EventType "swiss"]
[EventRounds "9"]
[EventCountry "ESP"]
[Source "lmi"]
[SourceDate "2009.07.20"]

1. d4 Nf6 2. Nf3 g6 3. Nc3 d5 4. Bf4 c6 5. Qd2 a5 6. Ne5 Be6 7. f3 Nbd7 8. g4
a4 9. h4 Qb6 10. Bh3 Rg8 11. e3 Nxe5 12. Bxe5 Nd7 13. O-O-O a3 14. b3 Nxe5 15.
dxe5 Qc7 16. f4 Bd7 17. e4 e6 18. Kb1 O-O-O 19. exd5 cxd5 20. Ne2 Kb8 21. Nd4
Rc8 22. Rc1 Qc3 23. Qxc3 Rxc3 24. Bf1 Bc5 25. Ne2 Rf3 26. c4 dxc4 27. Rxc4 Rc8
28. b4 Bb6 29. Rxc8+ Kxc8 30. Kc2 Rf2 31. Kd2 Bc6 0-1

[Event "España ch sub-18 2009"]
[Site "Granada ESP"]
[Date "2009.07.20"]
[Round "1.2"]
[White "Alonso Rosell, Alvar"]
[Black "Moral Garcia, Serafin"]
[Result "1-0"]
[WhiteElo "2461"]
[BlackElo "1976"]
[PlyCount "89"]
[EventDate "2009.07.20"]
[EventType "swiss"]
[EventRounds "9"]
[EventCountry "ESP"]
[Source "lmi"]
[SourceDate "2009.07.20"]

1. d4 Nf6 2. c4 c5 3. d5 e6 4. Nc3 exd5 5. cxd5 d6 6. e4 g6 7. Nf3 a6 8. h3 Bg7
9. Bd3 b5 10. a3 O-O 11. O-O Nbd7 12. Bf4 Qe7 13. Rc1 Nh5 14. Bg5 Bf6 15. Be3
Bg7 16. Re1 Ne5 17. Be2 Nxf3+ 18. Bxf3 Qh4 19. Qd2 Be5 20. Ne2 f6 21. Bxh5 gxh5
22. f4 Bxh3 23. gxh3 Qxh3 24. Kf2 Qh2+ 25. Kf3 Qh3+ 26. Ng3 h4 27. Qg2 Qxg2+
28. Kxg2 Bxb2 29. Nf5 Bxc1 30. Bxc1 Rfd8 31. Bb2 Kf7 32. Kf3 Rg8 33. Nxd6+ Ke7
34. Nf5+ Kf7 35. e5 fxe5 36. fxe5 h3 37. e6+ Ke8 38. Bf6 Rd8 39. Bxd8 Kxd8 40.
e7+ Kd7 41. Ng7 h2 42. e8=Q+ Rxe8 43. Nxe8 h1=Q+ 44. Rxh1 Kxe8 45. Rxh7 1-0

[Event "España ch sub-18 2009"]
[Site "Granada ESP"]
[Date "2009.07.20"]
[Round "1.3"]
[White "Camacho Vargas, Francisco"]
[Black "Recuero Guerra, David"]
[Result "0-1"]
[WhiteElo "1970"]
[BlackElo "2460"]
[PlyCount "56"]
[EventDate "2009.07.20"]
[EventType "swiss"]
[EventRounds "9"]
[EventCountry "ESP"]
[Source "lmi"]
[SourceDate "2009.07.20"]

1. e4 c5 2. Nf3 d6 3. d4 cxd4 4. Nxd4 Nf6 5. Nc3 Nc6 6. f3 Nxd4 7. Qxd4 g6 8.
Be3 Bg7 9. Qd2 O-O 10. Bc4 Bd7 11. Bb3 b5 12. Rb1 a5 13. a3 Rb8 14. Nd5 Nxd5
15. Bxd5 b4 16. Ba7 bxa3 17. Bxb8 Qxb8 18. Qxa5 Bxb2 19. O-O Rc8 20. Rfd1 Be6
21. Kh1 Qc7 22. Qxc7 Rxc7 23. c4 Bd7 24. e5 Bf5 25. exd6 exd6 26. Be4 Bxe4 27.
fxe4 Rxc4 28. Rxd6 a2 0-1

[Event "España ch sub-18 2009"]
[Site "Granada ESP"]
[Date "2009.07.20"]
[Round "1.4"]
[White "Arribas Lopez, Angel"]
[Black "Perera Borrego, Mariela"]
[Result "1-0"]
[WhiteElo "2429"]
[BlackElo "1969"]
[PlyCount "107"]
[EventDate "2009.07.20"]
[EventType "swiss"]
[EventRounds "9"]
[EventCountry "ESP"]
[Source "lmi"]
[SourceDate "2009.07.20"]

1. e4 d6 2. d4 Nf6 3. Nc3 e5 4. Nf3 Nbd7 5. Bc4 Be7 6. O-O O-O 7. h3 c6 8. a4
b6 9. d5 cxd5 10. Bxd5 Rb8 11. Re1 Nxd5 12. Nxd5 Bb7 13. a5 Nf6 14. axb6 axb6
15. Nc3 b5 16. Bg5 b4 17. Bxf6 Bxf6 18. Nd5 Bxd5 19. Qxd5 Qb6 20. Nd2 Bh4 21.
Re2 Qb5 22. Qxb5 Rxb5 23. Nc4 Rd8 24. Rd2 Be7 25. Ra7 Kf8 26. b3 g6 27. g4 Ke8
28. Kg2 Rd7 29. Ra8+ Rd8 30. Nxd6+ Bxd6 31. Rxd8+ Kxd8 32. Rxd6+ Ke7 33. Rc6
Kd7 34. Rc4 Kd6 35. Kf3 Kd7 36. g5 Rb8 37. Ke3 Rb5 38. Kd3 Rb8 39. Rc5 Kd6 40.
Kc4 h6 41. gxh6 Rh8 42. Kxb4 Rxh6 43. Rc3 Rh4 44. Re3 f5 45. c4 Rf4 46. exf5
gxf5 47. Re2 Rh4 48. Kb5 Rxh3 49. c5+ Kd5 50. Rd2+ Ke4 51. b4 f4 52. c6 Rc3 53.
Kb6 Rf3 54. Rd5 1-0

[Event "España ch sub-18 2009"]
[Site "Granada ESP"]
[Date "2009.07.20"]
[Round "1.5"]
[White "Galan Martin, Alejandro"]
[Black "Cabrera Trujillo, Jorge"]
[Result "1/2-1/2"]
[WhiteElo "1961"]
[BlackElo "2410"]
[PlyCount "114"]
[EventDate "2009.07.20"]
[EventType "swiss"]
[EventRounds "9"]
[EventCountry "ESP"]
[Source "lmi"]
[SourceDate "2009.07.20"]

1. e4 c5 2. Nf3 d6 3. d4 cxd4 4. Nxd4 Nf6 5. Nc3 a6 6. h3 e6 7. g4 d5 8. exd5
Nxd5 9. Nde2 Bb4 10. Bg2 Qc7 11. Bxd5 exd5 12. Qd4 Bxc3+ 13. Qxc3 Qxc3+ 14.
Nxc3 Be6 15. Be3 h5 16. O-O-O Nc6 17. Nxd5 Rc8 18. Nb6 Rd8 19. Rxd8+ Kxd8 20.
g5 Ne7 21. Na4 Nf5 22. Nc5 Nxe3 23. fxe3 Ke7 24. h4 Rc8 25. Nb3 Bxb3 26. axb3
Rd8 27. Rf1 Rd6 28. c3 f6 29. gxf6+ Rxf6 30. Rg1 Kf7 31. Kd2 Rf2+ 32. Kd3 Rxb2
33. b4 Rf2 34. Rg5 g6 35. Rc5 Ke6 36. Rg5 Rf6 37. Kd4 Kf7 38. Rd5 Ke7 39. Rc5
Rd6+ 40. Ke4 Rd1 41. Rc7+ Rd7 42. Rc8 Kf6 43. Rf8+ Rf7 44. Rg8 Rd7 45. Rf8+ Kg7
46. Rc8 Re7+ 47. Kf4 Rf7+ 48. Ke4 Kf6 49. Kf4 g5+ 50. hxg5+ Kg6+ 51. Ke5 Rf5+
52. Ke6 Rxg5 53. e4 h4 54. e5 Kg7 55. Rc7+ Kg6 56. Rc8 Kg7 57. Rc7+ Kg6 1/2-1/2

[Event "España ch sub-18 2009"]
[Site "Granada ESP"]
[Date "2009.07.20"]
[Round "1.6"]
[White "Espinosa Aranda, Angel"]
[Black "Calle Moreau, Sergio"]
[Result "1-0"]
[WhiteElo "2350"]
[BlackElo "1953"]
[PlyCount "61"]
[EventDate "2009.07.20"]
[EventType "swiss"]
[EventRounds "9"]
[EventCountry "ESP"]
[Source "lmi"]
[SourceDate "2009.07.20"]

1. e4 c5 2. Nf3 Nc6 3. Bb5 Qb6 4. Nc3 e6 5. O-O g6 6. Bxc6 bxc6 7. Re1 d6 8. e5
d5 9. d3 h6 10. b3 Bg7 11. Na4 Qb5 12. c4 Qa5 13. Bd2 Qc7 14. Nxc5 Ne7 15. Qe2
O-O 16. Rad1 Nf5 17. Bb4 Rd8 18. Na4 Ba6 19. Qd2 dxc4 20. Ba5 Qe7 21. Bxd8 Rxd8
22. Qa5 Bb5 23. dxc4 Rxd1 24. Rxd1 Bxa4 25. Qd8+ Bf8 26. Qxe7 Bxe7 27. g4 Bxb3
28. axb3 Ng7 29. Rd7 Bc5 30. Rd8+ Kh7 31. Rc8 1-0

[Event "España ch sub-18 2009"]
[Site "Granada ESP"]
[Date "2009.07.20"]
[Round "1.7"]
[White "De La Cruz Revilla, Miguel"]
[Black "Pardo Simon, David"]
[Result "0-1"]
[WhiteElo "1940"]
[BlackElo "2321"]
[PlyCount "96"]
[EventDate "2009.07.20"]
[EventType "swiss"]
[EventRounds "9"]
[EventCountry "ESP"]
[Source "lmi"]
[SourceDate "2009.07.20"]

1. e4 e5 2. Nf3 Nc6 3. Bb5 a6 4. Ba4 Nf6 5. d3 b5 6. Bb3 Be7 7. O-O O-O 8. h3
d6 9. c3 Na5 10. Bc2 c5 11. Re1 Nc6 12. a4 Bb7 13. Nbd2 Re8 14. Nf1 h6 15. Ng3
Qc7 16. Nh2 Bf8 17. Ng4 Nh7 18. axb5 axb5 19. Rxa8 Bxa8 20. Nh5 Kh8 21. Re3 Ne7
22. Rf3 f5 23. exf5 Bxf3 24. Qxf3 Qc6 25. f6 Qxf3 26. fxg7+ Bxg7 27. gxf3 Ng5
28. Kg2 Ng8 29. f4 Nh7 30. fxe5 Bxe5 31. Nxe5 Rxe5 32. Ng3 Nhf6 33. Bf4 Re6 34.
Bb3 d5 35. Be3 c4 36. Bc2 Ra6 37. dxc4 dxc4 38. Bc5 Kg7 39. Nf5+ Kh8 40. Nh4
Nd7 41. Bd4+ Ngf6 42. Bf5 Kg8 43. Ng6 Kf7 44. Be3 Nd5 45. Nh8+ Ke8 46. Bg6+ Kf8
47. Bxh6+ Kg8 48. Be8 Rxh6 0-1

[Event "España ch sub-18 2009"]
[Site "Granada ESP"]
[Date "2009.07.20"]
[Round "1.8"]
[White "Moreno Gracia, Daniel"]
[Black "Marin Gonzalez, Alberto"]
[Result "1-0"]
[WhiteElo "2313"]
[BlackElo "1940"]
[PlyCount "93"]
[EventDate "2009.07.20"]
[EventType "swiss"]
[EventRounds "9"]
[EventCountry "ESP"]
[Source "lmi"]
[SourceDate "2009.07.20"]

1. c4 Nf6 2. Nc3 e6 3. e4 d6 4. d4 Nbd7 5. f4 c5 6. d5 exd5 7. cxd5 a6 8. a4
Qc7 9. Nf3 Be7 10. Be2 O-O 11. O-O Re8 12. Qc2 Rb8 13. Kh1 Bf8 14. a5 b5 15.
axb6 Nxb6 16. h3 Nfd7 17. e5 Bb7 18. Ng5 g6 19. e6 fxe6 20. dxe6 Nf6 21. f5
gxf5 22. Qxf5 Bg7 23. Bh5 Re7 24. Bf7+ Kh8 25. Qc2 Qc6 26. Rxf6 Qxg2+ 27. Qxg2
Bxg2+ 28. Kxg2 Bxf6 29. Rxa6 Kg7 30. Kf3 Nc4 31. Nd5 Ne5+ 32. Kg3 Rb3+ 33. Kh4
h6 34. Nxf6 hxg5+ 35. Bxg5 Nf3+ 36. Kh5 Nxg5 37. Kxg5 Rg3+ 38. Ng4 d5 39. Ra8
Rxf7 40. exf7 Kxf7 41. Ra5 d4 42. h4 Rg2 43. Rxc5 Rxb2 44. Rd5 Rb4 45. h5 Kg7
46. h6+ Kf8 47. Rd8+ 1-0

[Event "España ch sub-18 2009"]
[Site "Granada ESP"]
[Date "2009.07.20"]
[Round "1.9"]
[White "Arce Calva, Elvira"]
[Black "Forcen Esteban, Daniel"]
[Result "1-0"]
[WhiteElo "1933"]
[BlackElo "2308"]
[PlyCount "94"]
[EventDate "2009.07.20"]
[EventType "swiss"]
[EventRounds "9"]
[EventCountry "ESP"]
[Source "lmi"]
[SourceDate "2009.07.20"]

1. e4 c5 2. Nc3 d6 3. Nge2 Nf6 4. d4 cxd4 5. Nxd4 a6 6. f3 e5 7. Nb3 Be6 8. Be3
Be7 9. Qd2 O-O 10. O-O-O Qc7 11. Kb1 Rc8 12. g4 d5 13. exd5 Nxd5 14. Nxd5 Bxd5
15. Be2 Be6 16. Bd3 a5 17. Nc1 Nc6 18. h4 a4 19. c3 Na5 20. Qc2 h6 21. g5 h5
22. g6 Nc4 23. gxf7+ Bxf7 24. Bxc4 Qxc4 25. Qd3 a3 26. Qxc4 Rxc4 27. Rd7 Bf6
28. Bg5 Bxg5 29. hxg5 Rf4 30. Nd3 Bg6 31. Kc1 Rf5 32. Rg1 axb2+ 33. Kxb2 Re8
34. Rd6 Rxf3 35. Nxe5 Rf2+ 36. Ka3 Be4 37. Nd7 h4 38. Nc5 Bc6 39. Rd3 Ra8+ 40.
Kb4 Rb2+ 41. Nb3 Bg2 42. g6 h3 43. Rgd1 Rf2 44. Nc5 Re8 45. Rd6 h2 46. Nd3 Rff8
47. Nc5 h1=Q 1-0

[Event "España ch sub-18 2009"]
[Site "Granada ESP"]
[Date "2009.07.20"]
[Round "1.10"]
[White "Herrera Delgado, Alejandro"]
[Black "Garcia Garcia, Adrian"]
[Result "1-0"]
[WhiteElo "2297"]
[BlackElo "1917"]
[PlyCount "97"]
[EventDate "2009.07.20"]
[EventType "swiss"]
[EventRounds "9"]
[EventCountry "ESP"]
[Source "lmi"]
[SourceDate "2009.07.20"]

1. e4 c5 2. Nf3 Nc6 3. Nc3 e6 4. d4 cxd4 5. Nxd4 Bb4 6. Nxc6 bxc6 7. Qd4 Bxc3+
8. Qxc3 f6 9. Bf4 Ne7 10. Bd6 O-O 11. O-O-O Re8 12. h4 Bb7 13. Qb4 Bc8 14. h5
a5 15. Qc3 h6 16. Rh3 Ba6 17. Rg3 Bxf1 18. Rxf1 Nc8 19. Rd1 Nxd6 20. Rxd6 Kh8
21. Qd2 Re7 22. Rgd3 Qe8 23. Qd1 Ra7 24. Rxc6 Qb8 25. Rcd6 Qb5 26. f4 Qa4 27.
R6d4 Qc6 28. Rc3 Qb6 29. Rc8+ Kh7 30. Qg4 g5 31. hxg6+ Kg7 32. Qd1 Rb7 33. b3
a4 34. Rxa4 Rc7 35. Rxc7 Qxc7 36. Qf3 Re8 37. Rc4 Qa5 38. a4 f5 39. e5 Kxg6 40.
Qg3+ Kh7 41. Rd4 Re7 42. Qd3 Qc7 43. g4 Rf7 44. gxf5 exf5 45. Rd6 Qa7 46. Qh3
Qg1+ 47. Kb2 Qg7 48. a5 Qf8 49. Qh5 1-0

[Event "España ch sub-18 2009"]
[Site "Granada ESP"]
[Date "2009.07.20"]
[Round "1.11"]
[White "Cubillo Munoz, Miguel"]
[Black "Camacho Collados, Marcos"]
[Result "1-0"]
[WhiteElo "1912"]
[BlackElo "2267"]
[PlyCount "55"]
[EventDate "2009.07.20"]
[EventType "swiss"]
[EventRounds "9"]
[EventCountry "ESP"]
[Source "lmi"]
[SourceDate "2009.07.20"]

1. d4 Nf6 2. c4 g6 3. Nc3 Bg7 4. e4 d6 5. f3 O-O 6. Be3 c5 7. Nge2 Nbd7 8. Qd2
Re8 9. O-O-O cxd4 10. Nxd4 a6 11. g4 Qa5 12. h4 h5 13. g5 Nh7 14. f4 Nc5 15. f5
e5 16. Nc2 Nd7 17. fxg6 fxg6 18. Qxd6 Nhf8 19. Bh3 Kh7 20. b4 Qd8 21. Nd5 Rb8
22. Nc7 b6 23. Nxe8 Qxe8 24. Rhf1 Rb7 25. Qc6 a5 26. b5 Rb8 27. Rxf8 Qxf8 28.
Bxd7 1-0

[Event "España ch sub-18 2009"]
[Site "Granada ESP"]
[Date "2009.07.20"]
[Round "1.12"]
[White "Fernandez Garcia, Jose Miguel"]
[Black "Porras Mateo, Alejandra"]
[Result "1-0"]
[WhiteElo "2261"]
[BlackElo "1896"]
[PlyCount "53"]
[EventDate "2009.07.20"]
[EventType "swiss"]
[EventRounds "9"]
[EventCountry "ESP"]
[Source "lmi"]
[SourceDate "2009.07.20"]

1. Nf3 e6 2. c4 d5 3. g3 Nf6 4. Bg2 b6 5. O-O Bb7 6. Ne5 Nbd7 7. d4 Bd6 8. f4
Ne4 9. cxd5 exd5 10. Qa4 c5 11. Bh3 Nef6 12. Be3 a6 13. Qb3 Qe7 14. Nc3 c4 15.
Qc2 b5 16. a3 Nf8 17. Bg2 Ng6 18. h3 Rd8 19. g4 O-O 20. Rad1 Nh4 21. Bh1 Ne4
22. Nxe4 dxe4 23. Bf2 f5 24. gxf5 Rxf5 25. Bxe4 Rxf4 26. Bxh7+ Kh8 27. Bxh4 1-0

[Event "España ch sub-18 2009"]
[Site "Granada ESP"]
[Date "2009.07.20"]
[Round "2.1"]
[White "Salgado Lopez, Ivan"]
[Black "Donoso Sanchez, Alejandro"]
[Result "1-0"]
[WhiteElo "2558"]
[BlackElo "2086"]
[PlyCount "69"]
[EventDate "2009.07.20"]
[EventType "swiss"]
[EventRounds "9"]
[EventCountry "ESP"]
[Source "lmi"]
[SourceDate "2009.07.20"]

1. d4 Nf6 2. Nf3 e6 3. c4 c5 4. d5 exd5 5. cxd5 d6 6. e4 g6 7. Bd3 Bg7 8. O-O
O-O 9. Re1 Re8 10. h3 Nbd7 11. Nbd2 Nh5 12. Nc4 Ne5 13. Nfxe5 dxe5 14. Bf1 Nf4
15. Be3 b6 16. a4 g5 17. a5 Rb8 18. axb6 axb6 19. Qb3 g4 20. hxg4 Bxg4 21. Ra7
h5 22. Ra6 h4 23. Rxb6 Rxb6 24. Qxb6 Qg5 25. Kh2 h3 26. g3 Bf3 27. Qc7 Qg4 28.
gxf4 Bh6 29. Bxh3 Bxf4+ 30. Bxf4 Qxf4+ 31. Kg1 Kh8 32. Re3 Bxe4 33. Nd6 Rg8+
34. Kf1 Bxd5 35. Qxc5 1-0

[Event "España ch sub-18 2009"]
[Site "Granada ESP"]
[Date "2009.07.20"]
[Round "2.2"]
[White "Galan Martin, Pedro Juan"]
[Black "Alonso Rosell, Alvar"]
[Result "0-1"]
[WhiteElo "2122"]
[BlackElo "2461"]
[PlyCount "102"]
[EventDate "2009.07.20"]
[EventType "swiss"]
[EventRounds "9"]
[EventCountry "ESP"]
[Source "lmi"]
[SourceDate "2009.07.20"]

1. e4 c5 2. Nf3 d6 3. d4 cxd4 4. Nxd4 Nf6 5. Nc3 a6 6. Be2 e5 7. Nb3 Be7 8. O-O
O-O 9. Kh1 b6 10. f3 Bb7 11. a4 Nc6 12. Bg5 Nb4 13. Nb1 Nh5 14. Bxe7 Qxe7 15.
c3 Nc6 16. Na3 Qc7 17. Nc4 Rad8 18. a5 b5 19. Ne3 Nf4 20. c4 bxc4 21. Bxc4 Ne7
22. Rc1 Qb8 23. Qc2 Kh8 24. g3 Nfg6 25. Rcd1 Qa8 26. Nd5 Qc8 27. Qe2 Nxd5 28.
Bxd5 Ne7 29. Rc1 Qb8 30. Qd3 Bxd5 31. exd5 Qb7 32. Rcd1 Qb4 33. Nd2 Qxa5 34.
Ne4 h6 35. Nc3 Qb4 36. f4 exf4 37. Rxf4 Qxb2 38. Rb1 Qa3 39. Rb7 Ng6 40. Rf1
Rc8 41. Qf5 Qxc3 42. Rd7 a5 43. Rxd6 a4 44. g4 a3 45. g5 a2 46. Ra6 Qc4 47. Ra3
Nh4 48. Qf2 Qxd5+ 49. Kg1 hxg5 50. Rxa2 Nf3+ 51. Qxf3 Qxa2 0-1

[Event "España ch sub-18 2009"]
[Site "Granada ESP"]
[Date "2009.07.20"]
[Round "2.3"]
[White "Recuero Guerra, David"]
[Black "Gonzalez Laso, Adrian"]
[Result "1-0"]
[WhiteElo "2460"]
[BlackElo "2059"]
[PlyCount "101"]
[EventDate "2009.07.20"]
[EventType "swiss"]
[EventRounds "9"]
[EventCountry "ESP"]
[Source "lmi"]
[SourceDate "2009.07.20"]

1. e4 e6 2. d4 d5 3. Nc3 Bb4 4. Nge2 dxe4 5. a3 Bxc3+ 6. Nxc3 Nc6 7. d5 exd5 8.
Qxd5 Be6 9. Qxe4 Nf6 10. Qh4 Qe7 11. Be3 Nd5 12. Qxe7+ Ncxe7 13. Bd2 O-O 14.
Ne4 Ng6 15. O-O-O Rad8 16. Nc5 Bc8 17. Bg5 f6 18. Bc4 c6 19. Bxd5+ cxd5 20. Be3
Ne5 21. Nb3 b6 22. h3 Nc6 23. Rd2 Bb7 24. f3 Rfe8 25. Bf2 Ne5 26. Nd4 Nc6 27.
Ne2 Ne5 28. b3 Rd7 29. Rhd1 Ng6 30. Bg3 Kf7 31. Kb2 Red8 32. a4 Ne7 33. Bf2 Ba8
34. h4 Bc6 35. Ra1 Rb8 36. a5 b5 37. Bc5 Nf5 38. h5 Re8 39. g4 Nd6 40. Nd4 Nb7
41. Bxa7 Rc8 42. a6 Nd6 43. Bc5 Ba8 44. Bxd6 Rxd6 45. Nxb5 Rb6 46. Nd4 Rc7 47.
Rdd1 g6 48. hxg6+ hxg6 49. Rh1 Kg7 50. Rh2 f5 51. g5 1-0

[Event "España ch sub-18 2009"]
[Site "Granada ESP"]
[Date "2009.07.20"]
[Round "2.4"]
[White "Vila Gonzalez, Daniel"]
[Black "Arribas Lopez, Angel"]
[Result "0-1"]
[WhiteElo "2072"]
[BlackElo "2429"]
[PlyCount "58"]
[EventDate "2009.07.20"]
[EventType "swiss"]
[EventRounds "9"]
[EventCountry "ESP"]
[Source "lmi"]
[SourceDate "2009.07.20"]

1. e4 c5 2. Nf3 d6 3. d4 cxd4 4. Nxd4 Nf6 5. Nc3 a6 6. Bg5 e6 7. f4 Qc7 8. Qf3
b5 9. Bxf6 gxf6 10. O-O-O b4 11. Nce2 Bb7 12. Ng3 Nd7 13. Kb1 O-O-O 14. Qb3 Qb6
15. f5 Nc5 16. Qc4 d5 17. exd5 Bxd5 18. Qe2 a5 19. Qb5 Qxb5 20. Bxb5 Bxg2 21.
Rhg1 Bd5 22. Nc6 Bxc6 23. Bxc6 Rxd1+ 24. Rxd1 Kc7 25. Be8 Bd6 26. Bxf7 Bxg3 27.
hxg3 exf5 28. Rh1 Ne4 29. Rh3 Ng5 0-1

[Event "España ch sub-18 2009"]
[Site "Granada ESP"]
[Date "2009.07.20"]
[Round "2.5"]
[White "Lara Lopez, Sergio"]
[Black "Espinosa Aranda, Angel"]
[Result "0-1"]
[WhiteElo "2051"]
[BlackElo "2350"]
[PlyCount "74"]
[EventDate "2009.07.20"]
[EventType "swiss"]
[EventRounds "9"]
[EventCountry "ESP"]
[Source "lmi"]
[SourceDate "2009.07.20"]

1. e4 c5 2. Nc3 Nc6 3. g3 g6 4. Bg2 Bg7 5. d3 e6 6. f4 d6 7. Nf3 Nge7 8. O-O
O-O 9. Re1 Nd4 10. e5 Nxf3+ 11. Qxf3 d5 12. g4 f6 13. Qg3 Nc6 14. Bd2 fxe5 15.
fxe5 Nd4 16. Rac1 Qc7 17. Nd1 Nc6 18. Bf4 Rxf4 19. Qxf4 Bxe5 20. Qf3 Bxh2+ 21.
Kh1 Nd4 22. Qf6 Bd7 23. Rf1 Be5 24. Qf7+ Kh8 25. Nc3 Qd8 26. Qf2 Qg5 27. Kg1
Qh6 28. Bh1 Nf3+ 29. Bxf3 Bd4 30. Ne2 Bxf2+ 31. Rxf2 Rf8 32. Rcf1 Qe3 33. Kg2
Bc6 34. Ng3 e5 35. Re2 Qf4 36. Be4 dxe4 37. Rxf4 exf4 0-1

[Event "España ch sub-18 2009"]
[Site "Granada ESP"]
[Date "2009.07.20"]
[Round "2.6"]
[White "Pardo Simon, David"]
[Black "Velandrino Gomez, Maria Cielo"]
[Result "1-0"]
[WhiteElo "2321"]
[BlackElo "2049"]
[PlyCount "75"]
[EventDate "2009.07.20"]
[EventType "swiss"]
[EventRounds "9"]
[EventCountry "ESP"]
[Source "lmi"]
[SourceDate "2009.07.20"]

1. e4 d6 2. d4 Nf6 3. Nc3 e5 4. Nge2 Be7 5. f3 O-O 6. Be3 exd4 7. Nxd4 d5 8. e5
c5 9. exf6 Bxf6 10. Nb3 d4 11. Bxd4 cxd4 12. Ne4 Re8 13. Bb5 Re5 14. Be2 Nc6
15. Nxf6+ Qxf6 16. O-O Rh5 17. f4 Rh6 18. g3 Bf5 19. Bd3 Rd8 20. Re1 Rg6 21. a3
Bxd3 22. Qxd3 h5 23. Re4 h4 24. Rae1 hxg3 25. hxg3 Qd6 26. Kf2 Qd7 27. Rh1 Qd6
28. Qe2 Rh6 29. Re8+ Rxe8 30. Qxe8+ Kh7 31. Qe4+ Kg8 32. Rxh6 Qxh6 33. Kg2 Qf6
34. Nc5 b6 35. Nd7 Qd6 36. Qe8+ Kh7 37. Qxf7 Kh6 38. g4 1-0

[Event "España ch sub-18 2009"]
[Site "Granada ESP"]
[Date "2009.07.20"]
[Round "2.7"]
[White "Navarro Diaz, Carles"]
[Black "Moreno Gracia, Daniel"]
[Result "0-1"]
[WhiteElo "2047"]
[BlackElo "2313"]
[PlyCount "94"]
[EventDate "2009.07.20"]
[EventType "swiss"]
[EventRounds "9"]
[EventCountry "ESP"]
[Source "lmi"]
[SourceDate "2009.07.20"]

1. d4 d5 2. c4 e6 3. Nf3 Nf6 4. Nc3 c6 5. e3 Nbd7 6. Bd3 dxc4 7. Bxc4 b5 8. Bd3
Bd6 9. e4 e5 10. d5 cxd5 11. exd5 b4 12. Ne4 Nxe4 13. Bxe4 Nc5 14. Qc2 Ba6 15.
Be3 Qa5 16. Bxc5 Bxc5 17. Nd2 b3 18. Qc3 Bb4 19. Qc6+ Ke7 20. d6+ Bxd6 21. Qd5
Qxd5 22. Bxd5 Rad8 23. Bc4 Bb4 24. O-O Rxd2 25. Bxa6 Rxb2 26. axb3 Rxb3 27.
Rfc1 Rc3 28. Rxc3 Bxc3 29. Rc1 Bd4 30. Rc7+ Kf6 31. Rc8 Rxc8 32. Bxc8 a5 33.
Kf1 Ke7 34. f3 Kd6 35. Ke2 a4 36. Ba6 Kc5 37. Kd3 f5 38. Bc8 e4+ 39. fxe4 fxe4+
40. Kxe4 Kc4 41. Be6+ Kc3 42. g4 h6 43. h4 Bf6 44. g5 hxg5 45. h5 a3 46. Kf5
Kb2 47. h6 gxh6 0-1

[Event "España ch sub-18 2009"]
[Site "Granada ESP"]
[Date "2009.07.20"]
[Round "2.8"]
[White "Forcen Esteban, Daniel"]
[Black "Bujosa Ribas, Joan"]
[Result "1-0"]
[WhiteElo "2308"]
[BlackElo "2045"]
[PlyCount "113"]
[EventDate "2009.07.20"]
[EventType "swiss"]
[EventRounds "9"]
[EventCountry "ESP"]
[Source "lmi"]
[SourceDate "2009.07.20"]

1. e4 b6 2. Bc4 Bb7 3. Nc3 e6 4. d3 Nf6 5. Bg5 Be7 6. Qe2 O-O 7. f4 d6 8. Nf3
c5 9. Bb3 Nbd7 10. g4 a6 11. Rg1 b5 12. f5 c4 13. dxc4 b4 14. Na4 Nxe4 15. Bxe7
Qxe7 16. O-O-O Ndc5 17. Nd2 Bc6 18. Nxc5 Nxc5 19. Qe3 Rfe8 20. c3 bxc3 21. Qxc3
Qg5 22. Bc2 Rab8 23. h4 Qe7 24. Rdf1 exf5 25. gxf5 Qe5 26. Qxe5 Rxe5 27. Nf3
Re3 28. Nd4 Be4 29. Re1 Rxe1+ 30. Rxe1 Bxc2 31. Kxc2 Kf8 32. Rb1 Rc8 33. b4 Ne4
34. Re1 Nf6 35. Kb3 g6 36. a4 Nd7 37. a5 Ne5 38. Rc1 Ke7 39. Rc3 Kd7 40. Nc2
Rb8 41. Ka4 Nc6 42. b5 Na7 43. b6 Nc6 44. Nb4 Re8 45. fxg6 fxg6 46. Rf3 Nxb4
47. Kxb4 Re7 48. Rf8 Kc6 49. Ra8 Re4 50. Kc3 Rxh4 51. Ra7 Rh3+ 52. Kb4 d5 53.
Rc7+ Kd6 54. c5+ Ke6 55. b7 Rh1 56. Rc6+ Kd7 57. Rb6 1-0

[Event "España ch sub-18 2009"]
[Site "Granada ESP"]
[Date "2009.07.20"]
[Round "2.9"]
[White "Alonso Macias, Victor"]
[Black "Herrera Delgado, Alejandro"]
[Result "0-1"]
[WhiteElo "2035"]
[BlackElo "2297"]
[PlyCount "74"]
[EventDate "2009.07.20"]
[EventType "swiss"]
[EventRounds "9"]
[EventCountry "ESP"]
[Source "lmi"]
[SourceDate "2009.07.20"]

1. e4 c5 2. Nf3 Nc6 3. d4 cxd4 4. Nxd4 Nf6 5. Nc3 d6 6. Bg5 Bd7 7. Qd2 Rc8 8.
f4 Nxd4 9. Qxd4 Qa5 10. e5 dxe5 11. fxe5 e6 12. O-O-O Bc6 13. Nb5 Bxb5 14. exf6
Bc6 15. h4 g6 16. Bc4 Bc5 17. Qe5 Bb6 18. Qxa5 Bxa5 19. h5 gxh5 20. Rxh5 Bd8
21. Rf1 Bxg2 22. Bb5+ Bc6 23. Bxc6+ Rxc6 24. Bh6 Kd7 25. Bg7 Re8 26. Rxh7 e5
27. Bh6 Ke6 28. Be3 a6 29. Rh6 Rg8 30. Rf2 Rg1+ 31. Kd2 Rb1 32. b3 Ba5+ 33. Kd3
Rc3+ 34. Ke4 Rxe3+ 35. Kxe3 Bb6+ 36. Ke2 Bxf2 37. Kxf2 Rb2 0-1

[Event "España ch sub-18 2009"]
[Site "Granada ESP"]
[Date "2009.07.20"]
[Round "2.10"]
[White "Garcia Salamero, Gabriel"]
[Black "Fernandez Garcia, Jose Miguel"]
[Result "1/2-1/2"]
[WhiteElo "2034"]
[BlackElo "2261"]
[PlyCount "111"]
[EventDate "2009.07.20"]
[EventType "swiss"]
[EventRounds "9"]
[EventCountry "ESP"]
[Source "lmi"]
[SourceDate "2009.07.20"]

1. e4 c5 2. Nf3 a6 3. d3 b5 4. g3 Bb7 5. Bg2 g6 6. O-O Bg7 7. c3 d6 8. Re1 Nd7
9. d4 e5 10. dxe5 dxe5 11. Qc2 Ngf6 12. Bg5 O-O 13. a4 Re8 14. Nbd2 Qc7 15.
axb5 axb5 16. Rxa8 Rxa8 17. Nf1 c4 18. Bxf6 Bxf6 19. Ne3 Nc5 20. Nd5 Bxd5 21.
exd5 Nd3 22. Rb1 Rd8 23. Ne1 Nc5 24. Qe2 Be7 25. Nc2 f5 26. Nb4 Bd6 27. g4 Qf7
28. Ra1 e4 29. Ra5 f4 30. f3 Nd3 31. h4 Bc5+ 32. Kh2 exf3 33. Bxf3 Re8 34. Qf1
Bxb4 35. cxb4 Qf6 36. d6 Qxb2+ 37. Qg2 Qxb4 38. d7 Rd8 39. Ra8 Qe7 40. Rxd8+
Qxd8 41. Bc6 Qxh4+ 42. Kg1 Kg7 43. Bxb5 Ne5 44. g5 Qe1+ 45. Kh2 Qh4+ 46. Kg1
Qe1+ 47. Kh2 Qd1 48. Qb2 Qh5+ 49. Kg1 Qxg5+ 50. Kf1 c3 51. Qxc3 Kh6 52. d8=Q
Qxd8 53. Qxe5 Qd1+ 54. Kf2 Qc1 55. Be2 Qd2 56. Kf3 1/2-1/2